| Tag |
First Indicator |
Second Indicator |
Subfields |
| LEADER |
00000ctm a2200000Ia 4500 |
| 001 |
in00000577643 |
| 005 |
20220103135445.0 |
| 008 |
870811s1985 xx a bm 000 0 eng d |
| 035 |
|
|
|9 ACP8191AM
|
| 035 |
|
|
|a (OCoLC)16413941
|
| 035 |
|
|
|a (OCoLC)ocm16413941
|
| 040 |
|
|
|a TXA
|b eng
|c TXA
|d OCLCQ
|d OCLCF
|d OCLCQ
|d OCLCO
|d TXA
|
| 049 |
|
|
|a TXAM
|
| 099 |
|
|
|a 1985
|a Dissertation
|a J42
|
| 100 |
1 |
|
|a Jay, Jeremy Mindlin,
|d 1953-
|
| 245 |
1 |
0 |
|a Physiological aspects of Stagnicola bulimoides techella /
|
| 264 |
|
1 |
|c 1985.
|
| 300 |
|
|
|a x, 146 leaves :
|b illustrations ;
|c 29 cm
|
| 336 |
|
|
|a text
|b txt
|2 rdacontent
|
| 337 |
|
|
|a unmediated
|b n
|2 rdamedia
|
| 338 |
|
|
|a volume
|b nc
|2 rdacarrier
|
| 500 |
|
|
|a "Major subject: Biology."
|
| 500 |
|
|
|a Typescript (photocopy).
|
| 500 |
|
|
|a Vita.
|
| 502 |
|
|
|b Ph. D.
|c Texas A & M University
|d 1985
|
| 504 |
|
|
|a Includes bibliographical references (leaves 123-135).
|
| 520 |
3 |
|
|a Several aspects of the metabolism of the lymnaeid snail Stagnicola bulimoides techella were examined. Studies of respiration rates demonstrated the effects of oxygen concentration, age, reproductive status, weight and temperature were each significant. The relationship between respiration rate and weight was not linear. Rates were highest for uninfected snails during early growth and egg production, and were lower at all other times. The respiration rates of snails infected with the trematode Fasciola hepatica were varied and unpredictable. Respiration rates decreased with decreasing oxygen concentration, although snails showed the same apparent activity level at different oxygen concentrations. Parasitized and unparasitized snails maintained underwater without access to air survived as long as parasitized and unparasitized snails maintained with access to air. The parasite developed normally. None of the parasitized snails (regardless of maintenance) and one of the uninfected snails (maintained underwater) produced eggs. All uninfected snails with access to air produced eggs. Both parasitized and unparasitized juvenile snails migrated before aestivating. Fasciola hepatica was able to survive aestivation. A comparison of the caloric content of the tissues of snails during or immediately after oviposition to the tissues of snails two weeks after oviposition showed the differences were not statistically significant.
|
| 650 |
|
0 |
|a Gastropoda
|x Physiology.
|
| 650 |
|
0 |
|a Liver flukes.
|
| 650 |
|
0 |
|a Snails as carriers of disease.
|
| 650 |
|
4 |
|a Major biology.
|
| 655 |
|
7 |
|a Academic theses
|2 lcgft
|
| 700 |
1 |
|
|a Bell, Rurel R.,
|e degree committee member.
|
| 700 |
1 |
|
|a Dronen, Norman O.,
|e degree supervisor.
|
| 700 |
1 |
|
|a Schroeter, Gilbert L.,
|e degree committee member.
|
| 700 |
1 |
|
|a Sweet, Merril H.,
|e degree committee member.
|
| 710 |
2 |
|
|a Texas A & M University,
|e degree granting institution.
|
| 856 |
4 |
1 |
|u http://proxy.library.tamu.edu/login?url=http://proquest.umi.com/pqdweb?did=753623881&sid=1&Fmt=2&clientId=2945&RQT=309&VName=PQD
|z Link to ProQuest copy
|t 0
|
| 856 |
4 |
1 |
|u https://hdl.handle.net/1969.1/DISSERTATIONS-595959
|z Link to OAKTrust copy
|t 0
|
| 994 |
|
|
|a C0
|b TXA
|
| 999 |
f |
f |
|s 48fc83da-2ddc-3015-b764-fe0a48ebcd83
|i 66f661d5-4a1d-335f-94f7-a8b9ed527195
|t 0
|
| 952 |
f |
f |
|p noncirc
|a Texas A&M University
|b J.J. Pickle Campus
|c High Density Repository
|s HDR
|d Remote Storage
|t 0
|e 1985 Dissertation J42
|h Other scheme
|i unmediated -- volume
|m A14840936044
|
| 952 |
f |
f |
|a Texas A&M University
|b College Station
|c Electronic Resources
|s www_evans
|d Available Online
|t 0
|e 1985 Dissertation J42
|h Other scheme
|
| 998 |
f |
f |
|a 1985 Dissertation J42
|t 0
|l Available Online
|
| 998 |
f |
f |
|a 1985 Dissertation J42
|t 0
|l Remote Storage
|